[Event "CP-2017-P-00004"]
[Site "LSS email"]
[Date "2017.09.27"]
[Round "?"]
[White "Zolendowski, Cesary"]
[Black "Obrien, Glenn"]
[Result "1-0"]
[WhiteElo "2333"]
[BlackElo "1429"]
[PlyCount "63"]
[EventDate "2017.10.01"]
[EventType "tourn (corr)"]
[EventRounds "6"]
[EventCountry "GER"]
[SourceTitle "Corr 2022"]
[Source "ChessBase"]
[SourceDate "2021.10.24"]
[SourceVersion "1"]
[SourceVersionDate "2021.10.24"]
[SourceQuality "1"]

1. e4 e5 2. Nf3 Nc6 3. Bc4 Nf6 4. d3 Bc5 5. c3 d6 6. 0-0 0-0 7. h3 h6 8. Re1 a6 9. a4 Be6 10. Bxe6 fxe6 11. b4 Ba7 12. Be3 d5 13. Bxa7 Rxa7 14. Nbd2 Qd6 15. d4 exd4 16. e5 Nxe5 17. Nxe5 dxc3 18. Ndf3 Qxb4 19. Rb1 Qa5 20. Nd4 Re8 21. Ng4 Ne4 22. Nxh6+ gxh6 23. Qg4+ Kf8 24. Nxe6+ Ke7 25. Rxe4 dxe4 26. Qxe4 Kf7 27. Re1 Rh8 28. Qf3+ Ke7 29. Nc5+ Kd6 30. Qf5 Re8 31. Rxe8 Qxc5 32. Qe6# 1-0

[Event "CP-2017-P-00004"]
[Site "LSS email"]
[Date "2017.09.27"]
[Round "?"]
[White "Zolendowski, Cesary"]
[Black "Recio Chicharro, Luis"]
[Result "1-0"]
[WhiteElo "2333"]
[BlackElo "1118"]
[PlyCount "51"]
[EventDate "2017.10.01"]
[EventType "tourn (corr)"]
[EventRounds "6"]
[EventCountry "GER"]
[SourceTitle "Corr 2022"]
[Source "ChessBase"]
[SourceDate "2021.10.24"]
[SourceVersion "1"]
[SourceVersionDate "2021.10.24"]
[SourceQuality "1"]

1. e4 e5 2. Nf3 Nc6 3. Bc4 Nf6 4. d3 Be7 5. 0-0 0-0 6. Re1 a6 7. a4 d6 8. h3 Be6 9. Nbd2 Qc8 10. c3 Na5 11. Bxe6 fxe6 12. b4 Nc6 13. Nc4 Nd8 14. Be3 Nf7 15. Qc2 b5 16. Ncd2 Qd7 17. d4 exd4 18. cxd4 h6 19. Rec1 c5 20. bxc5 dxc5 21. dxc5 Qc6 22. Nd4 Qc7 23. Nxe6 Qe5 24. Nxf8 Bxf8 25. axb5 a5 26. b6 1-0

[Event "SM-2017-0-00369"]
[Site "LSS email"]
[Date "2017.01.18"]
[Round "?"]
[White "Zolendowski, Cesary"]
[Black "Szabo, Mihaly"]
[Result "1/2-1/2"]
[WhiteElo "2320"]
[BlackElo "2399"]
[PlyCount "82"]
[EventDate "2016.11.30"]
[EventType "tourn (corr)"]
[EventRounds "6"]
[EventCountry "GER"]
[SourceTitle "Corr 2022"]
[Source "ChessBase"]
[SourceDate "2021.10.24"]
[SourceVersion "1"]
[SourceVersionDate "2021.10.24"]
[SourceQuality "1"]

1. e4 c5 2. Nf3 d6 3. d4 cxd4 4. Nxd4 Nf6 5. Nc3 a6 6. Be3 e6 7. f3 b5 8. Qd2 Nbd7 9. g4 b4 10. Nce2 h6 11. 0-0-0 Qc7 12. h4 d5 13. Bf4 e5 14. Bh2 dxe4 15. g5 hxg5 16. hxg5 Rxh2 17. Rxh2 exd4 18. Rh8 Nd5 19. Qxd4 Bb7 20. fxe4 N5b6 21. Qxb4 0-0-0 22. Qb3 Bxe4 23. Bh3 Bc5 24. Rxd8+ Kxd8 25. a4 a5 26. Kb1 Bb4 27. Nd4 Ke8 28. Qe3 Qe5 29. Qe2 Bb7 30. Qg4 g6 31. Bg2 Nd5 32. Nb3 Bc6 33. Rd3 N7b6 34. Qd4 Qxd4 35. Rxd4 Kf8 36. c3 Be7 37. Be4 f5 38. gxf6 Bxf6 39. Nxa5 Nxc3+ 40. bxc3 Nxa4 41. Bxg6 Nxc3+ 1/2-1/2

[Event "SM-2017-0-00369"]
[Site "LSS email"]
[Date "2017.01.15"]
[Round "?"]
[White "Pascual Perez, Norge"]
[Black "Zolendowski, Cesary"]
[Result "1/2-1/2"]
[WhiteElo "2435"]
[BlackElo "2320"]
[PlyCount "91"]
[EventDate "2016.11.30"]
[EventType "tourn (corr)"]
[EventRounds "6"]
[EventCountry "GER"]
[SourceTitle "Corr 2022"]
[Source "ChessBase"]
[SourceDate "2021.10.24"]
[SourceVersion "1"]
[SourceVersionDate "2021.10.24"]
[SourceQuality "1"]

1. e4 c5 2. Nf3 d6 3. d4 cxd4 4. Nxd4 Nf6 5. Nc3 a6 6. Bg5 Nbd7 7. Qe2 b5 8. f4 e5 9. fxe5 dxe5 10. 0-0-0 exd4 11. e5 Qe7 12. exf6 Qxe2 13. Nxe2 gxf6 14. Bf4 d3 15. Rxd3 Ne5 16. Rd2 Bb4 17. c3 Be7 18. Nd4 Bb7 19. Nf5 Rg8 20. Re2 Bf8 21. Bxe5 fxe5 22. Rxe5+ Kd8 23. Rg1 Rc8 24. g4 h5 25. Be2 hxg4 26. Rxg4 Rxg4 27. Bxg4 Rc4 28. Bh5 Rf4 29. Bxf7 Kc7 30. Be6 Be4 31. Ng3 Bg6 32. Bd5 Rh4 33. Be4 Bxe4 34. Rxe4 Rxh2 35. Re2 Rh3 36. Nf5 Bc5 37. Re4 Rh2 38. Nd4 Kb6 39. a3 Rh6 40. Nb3 Bd6 41. Kc2 Rf6 42. Rg4 Bf4 43. Nc1 Bd6 44. Nd3 Rf1 45. Kb3 Rf3 46. Ne1 1/2-1/2

[Event "SM-2017-0-00369"]
[Site "LSS email"]
[Date "2017.01.11"]
[Round "?"]
[White "Zolendowski, Cesary"]
[Black "Mroczek, Jacek"]
[Result "1/2-1/2"]
[WhiteElo "2320"]
[BlackElo "2274"]
[PlyCount "111"]
[EventDate "2016.11.30"]
[EventType "tourn (corr)"]
[EventRounds "6"]
[EventCountry "GER"]
[SourceTitle "Corr 2022"]
[Source "ChessBase"]
[SourceDate "2021.10.24"]
[SourceVersion "1"]
[SourceVersionDate "2021.10.24"]
[SourceQuality "1"]

1. e4 e6 2. d4 d5 3. Nc3 Bb4 4. e5 c5 5. a3 Bxc3+ 6. bxc3 Qa5 7. Bd2 Qa4 8. Qb1 c4 9. Nh3 Nc6 10. Nf4 Bd7 11. g3 0-0-0 12. Bh3 Nge7 13. 0-0 Kb8 14. Qb2 g6 15. Rfb1 b6 16. Bf1 h6 17. h4 g5 18. Ng2 Rdg8 19. Qc1 Nf5 20. hxg5 hxg5 21. Bxg5 Qa5 22. Bd2 Rh7 23. Ne1 Nce7 24. Nf3 Ba4 25. Bg2 Rhg7 26. Rb4 Nxg3 27. fxg3 Rxg3 28. Bg5 Nf5 29. Qd2 Qa6 30. Rf1 Bd7 31. a4 Rg4 32. Kf2 Ng3 33. Re1 Bxa4 34. Rbb1 Bc6 35. Bh3 Ne4+ 36. Rxe4 Rxe4 37. Bg2 Rg4 38. Bh3 Re4 39. Be7 Qc8 40. Rh1 a5 41. Qc1 Qe8 42. Bg5 Kb7 43. Rg1 Qf8 44. Nd2 Rxg5 45. Rxg5 Rh4 46. Rg3 Qh6 47. Bg2 Ka6 48. Kg1 Rh5 49. Qd1 Rg5 50. Rf3 Qg6 51. Rf2 Rg3 52. Nf3 Qg4 53. Qe2 Ba4 54. Qf1 Bc6 55. Rd2 b5 56. Re2 1/2-1/2